[Event "Prague op-B 14th"]
[Site "Prague"]
[Date "2015.01.13"]
[Round "6"]
[White "Saroun, Radek"]
[Black "Dundalek, Jozef"]
[Result "1-0"]
[WhiteElo "1882"]
[BlackElo "1668"]
[PlyCount "47"]
[EventDate "2015.01.09"]
[EventType "swiss"]
[EventRounds "9"]
[EventCountry "CZE"]
[SourceTitle "CBM 164 Extra"]
[Source "ChessBase"]
[SourceDate "2015.03.02"]
[SourceVersion "1"]
[SourceVersionDate "2015.03.02"]
[SourceQuality "1"]

1. e4 c5 2. Nf3 d6 3. d4 cxd4 4. Nxd4 Nf6 5. Nc3 a6 6. Bg5 e6 7. f4 Be7 8. Qf3 Nc6 9. Nb3 h6 10. Bh4 Qc7 11. 0-0-0 b5 12. Bd3 Bb7 13. Kb1 Nh7 14. Bxe7 Qxe7 15. g4 g5 16. Rhe1 0-0-0 17. a4 b4 18. Nd5 exd5 19. exd5 Qc7 20. Bxh7 Rxh7 21. dxc6 Bxc6 22. Qd3 f6 23. Nd4 Bd7 24. Qxh7 1-0

[Event "CZE-chT2C 1314"]
[Site "Czech Republic"]
[Date "2013.12.01"]
[Round "3.4"]
[White "Saroun, Radek"]
[Black "Sindler, Michal"]
[Result "0-1"]
[WhiteElo "1875"]
[BlackElo "2161"]
[PlyCount "48"]
[EventDate "2013.11.03"]
[EventType "team-tourn"]
[EventRounds "11"]
[EventCountry "CZE"]
[SourceTitle "EXT 2015"]
[Source "ChessBase"]
[SourceDate "2014.11.20"]
[SourceVersion "1"]
[SourceVersionDate "2014.11.20"]
[SourceQuality "1"]
[WhiteTeam "Jihlava Gambit"]
[BlackTeam "Ricany"]
[WhiteTeamCountry "CZE"]
[BlackTeamCountry "CZE"]

1. d4 Nf6 2. c4 e6 3. Nc3 Bb4 4. a3 Bxc3+ 5. bxc3 b6 6. Nf3 Ne4 7. Qc2 Bb7 8. e3 f5 9. Be2 0-0 10. 0-0 d6 11. Nd2 Nxd2 12. Bxd2 Nd7 13. f3 Kh8 14. e4 f4 15. g3 e5 16. gxf4 exf4 17. Rf2 c5 18. Rg2 g5 19. Kf2 Qf6 20. h4 gxh4 21. Rg4 cxd4 22. Rxf4 Qe5 23. cxd4 Qxd4+ 24. Be3 Qxa1 0-1

[Event "Brno op 4th"]
[Site "Brno"]
[Date "2013.11.23"]
[Round "9"]
[White "Saroun, Radek"]
[Black "Chapman, Nigel"]
[Result "1/2-1/2"]
[WhiteElo "1875"]
[BlackElo "1789"]
[PlyCount "63"]
[EventDate "2013.11.16"]
[EventType "swiss"]
[EventRounds "9"]
[EventCountry "CZE"]
[SourceTitle "CBM 157 Extra"]
[Source "ChessBase"]
[SourceDate "2013.12.19"]
[SourceVersion "1"]
[SourceVersionDate "2013.12.19"]
[SourceQuality "1"]

1. e4 d5 2. exd5 Qxd5 3. Nc3 Qa5 4. d4 Nf6 5. Nf3 c6 6. Bf4 Bf5 7. Bd3 e6 8. 0-0 Bxd3 9. Qxd3 Be7 10. Ne4 Nxe4 11. Qxe4 Nd7 12. Rfe1 Nf6 13. Qe2 0-0 14. c3 Rfe8 15. b4 Qd8 16. Be5 Nd5 17. Qc2 a5 18. a3 axb4 19. axb4 Qd7 20. Bg3 b5 21. Ne5 Qb7 22. Qb2 Nb6 23. Rxa8 Rxa8 24. Ra1 Bd6 25. Nd3 Nc4 26. Qc1 Bxg3 27. hxg3 h6 28. Qe1 Ra7 29. Rxa7 Qxa7 30. Ne5 Nxe5 31. dxe5 Qa3 32. Qd2 1/2-1/2

[Event "Brno op 4th"]
[Site "Brno"]
[Date "2013.11.22"]
[Round "8"]
[White "Kosina, Vladimir"]
[Black "Saroun, Radek"]
[Result "1/2-1/2"]
[WhiteElo "1775"]
[BlackElo "1875"]
[PlyCount "134"]
[EventDate "2013.11.16"]
[EventType "swiss"]
[EventRounds "9"]
[EventCountry "CZE"]
[SourceTitle "CBM 157 Extra"]
[Source "ChessBase"]
[SourceDate "2013.12.19"]
[SourceVersion "1"]
[SourceVersionDate "2013.12.19"]
[SourceQuality "1"]

1. Nf3 d5 2. d4 Nf6 3. c4 e6 4. Nc3 Nbd7 5. Bf4 Be7 6. e3 a6 7. cxd5 exd5 8. Bd3 0-0 9. h3 Re8 10. 0-0 c6 11. Qc2 h6 12. Bh2 Nf8 13. Rfd1 Be6 14. Ne5 N6d7 15. Rac1 Nxe5 16. Bxe5 Nd7 17. Bh2 Nf6 18. Qe2 Bd6 19. f4 Qe7 20. Re1 Rad8 21. Qf2 Qd7 22. f5 Bxh2+ 23. Kxh2 Qd6+ 24. Qg3 Bc8 25. Qxd6 Rxd6 26. g4 Rd7 27. Kg2 Rde7 28. Kf3 h5 29. g5 Nh7 30. h4 Nf8 31. Re2 g6 32. Kf4 Bxf5 33. Bxf5 gxf5 34. Rce1 Ng6+ 35. Kg3 Kg7 36. b4 Rxe3+ 37. Kf2 Rxe2+ 38. Rxe2 Rxe2+ 39. Kxe2 Nxh4 40. Na4 Kg6 41. Nc5 b6 42. Nxa6 Kxg5 43. a4 Ng6 44. a5 bxa5 45. bxa5 Nf4+ 46. Kf3 Ne6 47. Nb4 Nxd4+ 48. Ke3 Nb5 49. Nxc6 Kg4 50. Kf2 d4 51. a6 Nc7 52. a7 d3 53. Ne5+ Kf4 54. Nxd3+ Ke4 55. Nb4 f4 56. Na6 Na8 57. Nc5+ Kd4 58. Na6 h4 59. Kf3 h3 60. Nb4 h2 61. Kg2 f3+ 62. Kxh2 Ke3 63. Nc2+ Kf2 64. Nd4 f6 65. Kh3 Ke3 66. Nc2+ Kd3 67. Kg3 f2 1/2-1/2

[Event "Brno op 4th"]
[Site "Brno"]
[Date "2013.11.20"]
[Round "6"]
[White "Saroun, Radek"]
[Black "Zikan, Karel"]
[Result "1-0"]
[WhiteElo "1875"]
[BlackElo "1774"]
[PlyCount "71"]
[EventDate "2013.11.16"]
[EventType "swiss"]
[EventRounds "9"]
[EventCountry "CZE"]
[SourceTitle "CBM 157 Extra"]
[Source "ChessBase"]
[SourceDate "2013.12.19"]
[SourceVersion "1"]
[SourceVersionDate "2013.12.19"]
[SourceQuality "1"]

1. e4 c6 2. Bc4 d5 3. Bb3 dxe4 4. Nc3 Nf6 5. f3 Bf5 6. fxe4 Nxe4 7. Qf3 Nxc3 8. Bxf7+ Kxf7 9. Qxf5+ Ke8 10. dxc3 Qd7 11. Qf2 g6 12. Bd2 Qd5 13. Nf3 Qe4+ 14. Kd1 Na6 15. Re1 Qd5 16. Re5 Qd6 17. Ke2 Bg7 18. Re3 Rf8 19. Qh4 Qf6 20. Qc4 Bh6 21. Re6 Qg7 22. Bg5 Bxg5 23. Nxg5 h6 24. Ne4 Rd8 25. Rd1 Rxd1 26. Kxd1 Nb8 27. Nd6+ Kd7 28. Nxb7 Rf5 29. Re3 Qf6 30. Nc5+ Kc7 31. Ne4 Qh4 32. h3 Nd7 33. b3 Nb6 34. Qa6 Kb8 35. g4 h5 36. gxf5 1-0

[Event "Brno op 4th"]
[Site "Brno"]
[Date "2013.11.18"]
[Round "4"]
[White "Saroun, Radek"]
[Black "Potapova, Tatiana"]
[Result "1-0"]
[WhiteElo "1875"]
[BlackElo "1622"]
[PlyCount "39"]
[EventDate "2013.11.16"]
[EventType "swiss"]
[EventRounds "9"]
[EventCountry "CZE"]
[SourceTitle "CBM 157 Extra"]
[Source "ChessBase"]
[SourceDate "2013.12.19"]
[SourceVersion "1"]
[SourceVersionDate "2013.12.19"]
[SourceQuality "1"]

1. e4 e5 2. Nf3 Nc6 3. Bc4 Bc5 4. b4 Bxb4 5. c3 Ba5 6. d4 h6 7. 0-0 exd4 8. Nxd4 Nxd4 9. Qxd4 Qf6 10. e5 Qg6 11. Ba3 Bb6 12. Qf4 c5 13. Nd2 Ne7 14. Ne4 0-0 15. Nd6 Nc6 16. Rfe1 Ba5 17. Re3 b6 18. Rg3 Qh5 19. Qf6 Qxe5 20. Rxg7+ 1-0

[Event "Brno op 4th"]
[Site "Brno"]
[Date "2013.11.17"]
[Round "3"]
[White "Grove, Michael"]
[Black "Saroun, Radek"]
[Result "1-0"]
[WhiteElo "2078"]
[BlackElo "1875"]
[PlyCount "75"]
[EventDate "2013.11.16"]
[EventType "swiss"]
[EventRounds "9"]
[EventCountry "CZE"]
[SourceTitle "CBM 157 Extra"]
[Source "ChessBase"]
[SourceDate "2013.12.19"]
[SourceVersion "1"]
[SourceVersionDate "2013.12.19"]
[SourceQuality "1"]

1. e4 e5 2. Nf3 Nc6 3. d4 exd4 4. Nxd4 Bc5 5. Be3 Qf6 6. c3 Nge7 7. Qf3 Qxf3 8. gxf3 Bb6 9. Nd2 Ne5 10. Rg1 g6 11. f4 N5c6 12. Nb5 Bxe3 13. fxe3 Kd8 14. e5 a6 15. Nd4 b6 16. Nxc6+ Nxc6 17. Ne4 Ke7 18. Nf6 Ra7 19. Rd1 Nd8 20. h4 Ne6 21. Rg2 Ng7 22. e4 Ne8 23. Nd5+ Kd8 24. Rgd2 Bb7 25. Nxb6 cxb6 26. Rxd7+ Kc8 27. Bh3 Kb8 28. Rd8+ Kc7 29. R1d7+ Kc6 30. e6 fxe6 31. Bxe6 Nf6 32. Bd5+ Kb5 33. c4+ Kb4 34. Rxb7 Rxd8 35. Rxa7 Nxe4 36. Rxa6 Re8 37. Rxb6+ Kc5 38. Re6 1-0

[Event "Prague op-B 12th"]
[Site "Prague"]
[Date "2013.??.??"]
[Round "2"]
[White "Saroun, Radek"]
[Black "Mejzlik, Vojtech"]
[Result "1-0"]
[WhiteElo "1801"]
[BlackElo "2052"]
[PlyCount "135"]
[EventDate "2013.01.09"]
[EventType "swiss"]
[EventRounds "9"]
[EventCountry "CZE"]
[SourceTitle "CBM 152 Extra"]
[Source "ChessBase"]
[SourceDate "2013.02.25"]
[SourceVersion "1"]
[SourceVersionDate "2013.02.25"]
[SourceQuality "1"]

1. e4 c5 2. Nf3 Nc6 3. d4 cxd4 4. Nxd4 Nf6 5. Nc3 e5 6. Nf5 d6 7. Ne3 Be7 8. Bc4 0-0 9. 0-0 Be6 10. Ned5 a6 11. a4 Kh8 12. f3 Bxd5 13. Nxd5 Nxd5 14. Bxd5 f5 15. exf5 Rxf5 16. Be3 Bg5 17. Bf2 Rf6 18. c3 Qd7 19. Qd3 Rh6 20. Rfe1 Rf8 21. Rad1 Bf4 22. Bg3 Bxg3 23. hxg3 Qd8 24. Qe3 Rg6 25. Kf2 Qf6 26. Be4 Rg4 27. Rh1 h6 28. Rh5 Ne7 29. c4 b6 30. Rdh1 Kg8 31. Qd3 Rd8 32. Bh7+ Kh8 33. Be4 b5 34. Qe3 Kg8 35. b3 bxc4 36. bxc4 Rb8 37. Qe2 Rb4 38. Qc2 Qf7 39. Bh7+ Kh8 40. Bd3 e4 41. Qc3 Ng8 42. Qxb4 exd3 43. R5h4 Qa7+ 44. Kf1 Rxg3 45. Qd2 Rg6 46. Qxd3 Re6 47. Rd4 Qc5 48. Rhh4 Qb4 49. Qd1 Nf6 50. Rhf4 Qc5 51. g4 Qe5 52. Qd2 Qc5 53. Rf5 Qc6 54. c5 dxc5 55. Rd8+ Re8 56. Rxf6 gxf6 57. Qxh6+ Kg8 58. Qg6+ Kf8 59. Rxe8+ Qxe8 60. Qxe8+ Kxe8 61. Ke2 Kd7 62. Kd3 Kd6 63. f4 Kd5 64. g5 fxg5 65. fxg5 Ke5 66. Kc4 Kf5 67. Kxc5 Kxg5 68. Kb6 1-0